الارقام القياسية للتجارة الخارجية : تقسيم جمركى 1988 / 1993

تعتبر صناعة الأسمنت من أهم الصناعات مواد البناء الأساسية حيث تعتبر دعامة أساسية لدعم الاقتصاد القومي وضرورية للتنمية الاقتصادية لإرتباطها الوثيق بالنشاط العمرانى وحركة التشييد والبناء ومن العوامل التى ساعدت علي نمو هذه الصناعة زيادة حجم المشروعات وتشجيع التصدير وذلك بفتح أشواق جديدة وعديدة خارج الب...

Whakaahuatanga katoa

I tiakina i:
Ngā taipitopito rārangi puna kōrero
Kaituhi rangatōpū: مصر. الجهاز المركزي للتعبئة العامة و الإحصاء
Hōputu: Raupapa
Reo:Ārapi
I whakaputaina: القاهرة : الجهاز المركزي للتعبئة العامة والإحصاء.
Ngā marau:
Ngā Tūtohu: Tāpirihia he Tūtohu
Kāore He Tūtohu, Me noho koe te mea tuatahi ki te tūtohu i tēnei pūkete!

MARC

LEADER 00000nas a2200000 a 4500
003 INP
005 20181014152123.0
008 151213uuuuuuuuuua ar rb i000 0 ara d
952 |0 0  |1 0  |4 0  |6 382_096200000000000_ا_ر1993_1988  |7 0  |8 نشرات التع  |9 17516  |a INP  |b INP  |c JOUR  |d 2018-10-14  |l 0  |o 382.0962 ا ر1993/1988  |p 018345  |r 2022-03-28 00:00:00  |w 2018-10-14  |y PUB  |0 0 
999 |c 15386  |d 15386 
040 |a EG-INP  |c EG-INP  |b ara 
082 0 4 |a 382.0962  |b ا ر 1993/1988  |2 21 
245 0 0 |a الارقام القياسية للتجارة الخارجية :   |b تقسيم جمركى 1988 / 1993 
260 |a القاهرة :  |b الجهاز المركزي للتعبئة العامة والإحصاء. 
300 |a مج. :  |b ايض. ؛  |c 29 سم 
500 |a مرجع رقم 72- 12724- 93. 
500 |a إصدار مايو 1997. 
500 |a بني الإصدار علي عام :1988 / 1993 
520 |a تعتبر صناعة الأسمنت من أهم الصناعات مواد البناء الأساسية حيث تعتبر دعامة أساسية لدعم الاقتصاد القومي وضرورية للتنمية الاقتصادية لإرتباطها الوثيق بالنشاط العمرانى وحركة التشييد والبناء ومن العوامل التى ساعدت علي نمو هذه الصناعة زيادة حجم المشروعات وتشجيع التصدير وذلك بفتح أشواق جديدة وعديدة خارج البلاد. 
650 7 |2 qrmak  |a التجارة الخارجية. 
650 7 |2 qrmak  |a التجارة. 
650 7 |2 qrmak  |a الجمارك. 
710 1 |a مصر.  |b الجهاز المركزي للتعبئة العامة و الإحصاء. 
901 |a EGPV26 
903 |a original 
942 |c PUB  |2 ddc